1984 Songs. Name the Band - Statistics

General Stats
  • This quiz has been taken 87 times
  • The average score is 11 of 20
Answer Stats
Songs Answer % Correct
Radio Ga Ga Queen
90%
Private Dancer Tina Turner
83%
99 Luftballoons Nena
82%
I Want to Know What Love Is Foreigner
74%
Smooth Operator Sade
71%
Panama Van Halen
71%
Cruel Summer Bananarama
68%
I Wanna Rock Twisted Sister
60%
You Might Think The Cars
55%
Round and Round Ratt
53%
Hold Me Now Thompson Twins
53%
Runaway Bon Jovi
47%
Somebody's Watching Me Rockwell
41%
Smuggler's Blues Glenn Frey
40%
Middle of the Road The Pretenders
40%
The Glamorous Life Sheila E
38%
Still Loving You Scorpions
33%
Head Over Heels The Go-Go's
31%
Distant Early Warning Rush
28%
The Last in Line Dio
27%
No matching quizzes found
Score Distribution
Percent of People with Each Score
Percentile by Number Answered
Your Score History
You have not taken this quiz